Electricity sector in India : (Record no. 72934)

MARC details
000 -LEADER
fixed length control field 00887nam a22002657a 4500
005 - DATE AND TIME OF LATEST TRANSACTION
control field 20130114150053.0
008 - FIXED-LENGTH DATA ELEMENTS--GENERAL INFORMATION
fixed length control field 130114t xxu||||| |||| 00| 0 eng d
010 ## - LCCN (DPL NO)
LC control number ENG-106559
020 ## - INTERNATIONAL STANDARD BOOK NUMBER
Terms of availability 795.00
International Standard Book Number 0198082274
020 ## - INTERNATIONAL STANDARD BOOK NUMBER
Terms of availability 795.00
International Standard Book Number 9780198082279
035 ## - SYSTEM CONTROL NUMBER
System control number EN-90092
037 ## - SOURCE OF ACQUISITION
Source of stock number/acquisition DBAD / PUB
040 ## - CATALOGING SOURCE
Original cataloging agency DPL
Language of cataloging ENG
100 ## - MAIN ENTRY--PERSONAL NAME
9 (RLIN) 54743
Personal name Alok Kumar
245 ## - TITLE STATEMENT
Title Electricity sector in India :
Statement of responsibility, etc by Alok Kumar [and] Sushanta K. Chatterjee
Remainder of title policy and regulation /
260 ## - PUBLICATION, DISTRIBUTION, ETC. (IMPRINT)
Place of publication, distribution, etc New Delhi
Name of publisher, distributor, etc Oxford University Press
Date of publication, distribution, etc 2012
270 ## - ADDRESS
Address YMCA Library Building, Jai Singh Road,
City New Delhi
Postal code 110001
300 ## - PHYSICAL DESCRIPTION
Extent xxiii, 292p.;
Dimensions 20cm (Hb)
500 ## - GENERAL NOTE
General note Includes index
700 ## - ADDED ENTRY--PERSONAL NAME
9 (RLIN) 54740
700 ## - ADDED ENTRY--PERSONAL NAME
9 (RLIN) 54747
700 ## - ADDED ENTRY--PERSONAL NAME
9 (RLIN) 54748
942 ## - ADDED ENTRY ELEMENTS (KOHA)
Source of classification or shelving scheme Dewey Decimal Classification
Item type English Books
Call number suffix ALO
Holdings
Withdrawn status Lost status Source of classification or shelving scheme Damaged status Not for loan Collection code Home library Current library Date acquired Source of acquisition Cost, normal purchase price Total Checkouts Full call number Barcode Date last seen Copy number Cost, replacement price Koha item type
    Dewey Decimal Classification     Non-fiction D.B.Act.Division D.B.Act.Division 14/01/2013 DBAD/PUB 795.00   ALO EN-90092 14/01/2013 1 795.00 English Books

© Delhi Public Library
Hit Counter
free hit counter